Philosophie de la morale / (Record no. 163870)

MARC details
000 -LEADER
campo de control de longitud fija 00759nam a22001935i 4500
001 - NÚMERO DE CONTROL
campo de control 163870
003 - IDENTIFICADOR DE NÚMERO DE CONTROL
campo de control ES-MaACL
005 - FECHA Y HORA DE LA ÚLTIMA TRANSACCIÓN
campo de control 20250718062547.0
008 - DATOS DE LONGITUD FIJA--INFORMACIÓN GENERAL
campo de control de longitud fija 991025s1870 fr |||| | fre d
040 ## - FUENTE DE CATALOGACIÓN
Centro catalogador/agencia de origen CAM
Lengua de catalogación spa
Centro/agencia transcriptor CAM
100 1# - ENTRADA PRINCIPAL--NOMBRE DE PERSONA
Nombre de persona Rojas, Ezéchiel.
9 (RLIN) 132004
245 10 - MENCIÓN DEL TÍTULO
Título Philosophie de la morale /
Mención de responsabilidad, etc. par Ezéchiel Rojas ; Collection d'articles publiés dans la Revue de Colombie précédés d'une lettre adressée a plusieurs sociétés savantes et traduits par Victor Touzet.
260 ## - PUBLICACIÓN, DISTRIBUCIÓN, ETC.
Lugar de publicación, distribución, etc. Saint-Germain en Laye :
Nombre del editor, distribuidor, etc. [s.n.],
Fecha de publicación, distribución, etc. 1870 (
Fabricante Imprimerie de L. Toinon et C.)
300 ## - DESCRIPCIÓN FÍSICA
Extensión VII, 317 p. ;
Dimensiones 22 cm.
650 07 - PUNTO DE ACCESO ADICIONAL DE MATERIA--TÉRMINO DE MATERIA
Término de materia o nombre geográfico como elemento de entrada Ética
Fuente del encabezamiento o término embne
9 (RLIN) 12577
700 1# - ENTRADA AGREGADA--NOMBRE PERSONAL
Nombre de persona Touzet, Victor.
9 (RLIN) 133362
852 ## - LOCALIZACIÓN
Ubicación ES-MaACL
Número de control de estantería G-12146
Nota libre -- Enc. hol.
Holdings
Estatus retirado Estado de pérdida Estado de daño No para préstamo Colección Biblioteca de origen Biblioteca actual Ubicación en estantería Fecha de adquisición Fuente de adquisición Total de préstamos Signatura topográfica completa Código de barras Visto por última vez Precio de reemplazo Tipo de ítem Koha
        Libros del s. XIX Biblioteca del Ateneo de Madrid Biblioteca del Ateneo de Madrid Sala Pecera Planta 3 17/01/2008     G-12146 1171740 23/02/2023 23/02/2023 Libro impreso antiguo